Equipos de futbol A-Z - Estadísticas

Estadísticas generales
  • Esta prueba ha sido intentada 218 veces
  • La puntuación promedio es 20 de 24
Estadísticas de respuestas
Imagen Respuesta % Correcto
Arsenal
99%
Chelsea
96%
Juventus
96%
Girona
95%
Real Madrid
94%
Psg
93%
Sevilla
93%
Elche
91%
Inter de Miami
90%
Manchester City
90%
Dortmund
88%
Oporto
88%
Valladolid
88%
Tottenham
86%
Fiorentina
85%
Lyon
85%
Barça
82%
Young Boys
82%
Wolverhampton
81%
Nottingham Forest
77%
Hamburgo
74%
Zenit
74%
Kansas City
53%
Qarabag
47%
No se encontraron pruebas coincidentes
Distribución de puntuación
Porcentaje de gente con cada puntuación
Porcentaje por número respondido
Historial de tus puntuaciones
No has intentado esta prueba.